LEADER 01314nam a2200253 4500 001 000000349090 003 CaOOAMICUS 005 20220113123432.0 008 220113s2018 it 000 u ita r 020 $a978-88-343-3596-3 040 $aSeMil$bita 100 1 $aSalvioli, Marco,$c.$0(OLS)http://semarc/name/39382 245 13$aLa Chiesa generatrice di legami :$buna risposta ecclesiologica ai limiti dell'individualismo liberale : in dialogo con S. Hauerwas, J. Milbank e W. T. Cavanaugh /$cMarco Salvioli. 264 1$aMilano :$bVita e Pensiero,$c2018. 300 $aXII, 593 p. ;$c22 cm 490 1 $aTeologia e saperi ;$v2 650 4$aIndividualismo - Atteggiamento [dei] cattolici.$0(OLS)http://semarc/subject/51517 830 0$aTeologia e saperi ;$v2.$0(OLS)http://semarc/title/25829 850 $aSeMil 852 $aSeMil$W1$xVenegono$y1$m2R II 468$j231289$B240168$CSeMilBibl$Z2$F240168 $81 996 $6020$a978-88-343-3596-3$9(OLS)http://semarc/number/295029 996 $6245$aLa Chiesa generatrice di legami :$buna risposta ecclesiologica ai limiti dell'individualismo liberale : in dialogo con S. Hauerwas, J. Milbank e W. T. Cavanaugh$9(OLS)http://semarc/title/438607 996 $6264$aMilano :$bVita e Pensiero$9(OLS)http://semarc/publisher/29642 LEADER 00785nam a2200205 i 4500 001 000000190373 003 CaOOAMICUS 005 20251022125341.0 008 100610s1975 it u000 u ita u 013 $a168767 040 $aSeMil$bita 245 10$aVol. 2 /$cFrancesco Sarri. 260 $aRoma :$bAbete,$c1975. 300 $a216 p. ;$c20 cm. 773 0 $aSarri, Francesco $tSocrate e la genesi storica dell'idea occidentale di anima.$dRoma : Abete, 1975.$kCollana di filosofia antica$g2$w()17769 850 $aSeMil 852 $aSeMil$W1$xVenegono$y1$m2O I 387$j140992$B140992$CSeMilBibl$Z2$F152606 $81 996 $6245$aVol. 2$9(OLS)http://semarc/title/54073 996 $6260$aRoma :$bAbete$9(OLS)http://semarc/publisher/31434